Laddar...

Pazhassiraja (Vadakkan pattu)

Bibliografiska uppgifter
Huvudupphovsman: Krishnan. A. Payeri
Materialtyp: Printed Book
Språk:Malayalam
Publicerad: Allied publishers, Tellichery Allied pub. 1972
LEADER 00648nam a2200133Ia 4500
008 111205s9999 xx 000 0 mal d
100 |a Krishnan. A. Payeri 
245 |a Pazhassiraja (Vadakkan pattu)  |c Krishnan. A. Payeri 
260 |b Allied pub.  |a Allied publishers, Tellichery  |c 1972 
300 |a 45 
942 |c BK 
999 |c 202642  |d 202642 
952 |0 0  |1 0  |4 1  |6 859_000000000000000_MUH_H  |7 0  |9 224262  |a MAL  |b MAL  |c ST1  |d 1985-03-28  |g 2.00  |l 0  |o 859 MUH/H  |p MAL11312  |r 2015-04-13  |v 2.00  |w 2015-04-13  |y BK  |k 1.00 
952 |0 0  |1 0  |2 ddc  |4 0  |6 851_240000000000000_KRI_P  |7 0  |9 224263  |a MAL  |b MAL  |c ST1  |d 1985-03-28  |g 2.00  |l 1  |o 851.24 KRI/P  |p MAL11313  |r 2013-12-18  |s 2013-02-22  |v 2.00  |w 2011-12-05  |y BK